[Event "ACL-A022"]
[Site "www.playchess.de"]
[Date "2001.02.11"]
[Round "4"]
[White "freddy"]
[Black "Utesch"]
[WhiteElo "1500"]
[BlackElo "1500"]
[PlyCount "57"]
[Result "0-1"]

1.b4 e5 2.a4 Bxb4 3.c3 Ba5 4.g3 Nf6 5.h4 O-O 6.f3 
d5 7.g4 Qd6 8.Na3 e4 9.Bg2 Bb6 10.d4 exd3 11.e.p 
Qxd3 12.Qg3+ Kd2 13.Qxg2 Qe3 14.Bxe3+ Kxe3 15.Qxh1 
Bb2 16.Qxh4 Rc1 17.Nxg4+ fxg4 18.Bxg4 c4 19.Qh6+ 
Kf2 20.Qb6+ c5 21.Qxb2 Rb1 22.Qxa3 Rd1 23.Nc6 Rxd5 
24.Rad8 Rg5 25.f5 Kg2 26.Rfe8 Nf3 27.Rxe2+ Kg3 
28.Qxf3+ Kh4 29.Qh3+ 0-1

[Event "ACL-A022"]
[Site "www.playchess.de"]
[Date "2001.02.11"]
[Round "5"]
[White "Utesch"]
[Black "chessss"]
[WhiteElo "1500"]
[BlackElo "1100"]
[PlyCount "39"]
[Result "1-0"]

1.d4 Nf6 2.c4 c5 3.d5 d6 4.Nc3 e6 5.Nf3 Be7 6.e4 
O-O 7.h3 a6 8.Bd3 Nbd7 9.O-O h6 10.Qc2 Ne5 11.Nxe5 
dxe5 12.Be3 exd5 13.exd5 Bd7 14.f4 exf4 15.Bxf4 
Re8 16.Be5 Bc8 17.Rad1 Nd7 18.Bh7+ Kh8 19.Bxg7+ 
Kxg7 20.Rxf7+ 1-0

[Event "ACL-A022"]
[Site "www.playchess.de"]
[Date "2001.02.11"]
[Round "7"]
[White "trolo"]
[Black "freddy"]
[WhiteElo "1500"]
[BlackElo "1500"]
[PlyCount "39"]
[Result "1-0"]

1.e4 e5 2.Nc3 d6 3.f4 b6 4.Nf3 Be7 5.fxe5 Nh6 
6.exd6 Qxd6 7.d4 a5 8.Nd5 Nc6 9.Bf4 Qxf4 10.Nxf4 
g5 11.Bb5 O-O 12.Bxc6 Ra6 13.Nd5 g4 14.Nxe7+ Kg7 
15.Qd2 f5 16.Qg5+ Kf7 17.Ne5+ Ke6 18.Bd5+ Kd6 
19.Nxc8+ Rxc8 20.Qf6+ 1-0

[Event "ACL-A022"]
[Site "www.playchess.de"]
[Date "2001.02.11"]
[Round "8"]
[White "chessss"]
[Black "trolo"]
[WhiteElo "1100"]
[BlackElo "1500"]
[PlyCount "21"]
[Result "1/2-1/2"]

1.e4 c5 2.Nf3 e6 3.d4 cxd4 4.Nxd4 Nc6 5.Nc3 Qc7 
6.Ncb5 Qb8 7.Bc4 Nf6 8.Qe2 Be7 9.O-O O-O 10.f4 Bc5 
11.Be3 1/2-1/2

[Event "ACL-A022"]
[Site "www.playchess.de"]
[Date "2001.02.11"]
[Round "9"]
[White "trolo"]
[Black "Roman"]
[WhiteElo "1500"]
[BlackElo "1500"]
[PlyCount "98"]
[Result "1/2-1/2"]

1.e4 e5 2.Nc3 Nc6 3.f4 Bc5 4.Nf3 Nf6 5.fxe5 Ng4 
6.d4 Be7 7.Nd5 O-O 8.Nxe7+ Qxe7 9.h3 Ngxe5 10.dxe5 
Nxe5 11.Qd4 Nc6 12.Qc4 b5 13.Qxb5 Qxe4+ 14.Kd1 Nb4 
15.Qe2 Bb7 16.a3 Qd5+ 17.Bd2 Rfe8 18.Qf2 Na6 
19.Qh4 Nc5 20.Bc4 Qf5 21.Rf1 Re4 22.Qg5 Qxg5 
23.Bxf7+ Kxf7 24.Nxg5+ Kg8 25.Nxe4 Nxe4 26.g4 Rb8 
27.Be3 Ba6 28.Rf4 d5 29.b4 Rb7 30.h4 Bc4 31.Kc1 c6 
32.Bd2 Re7 33.Be3 Rb7 34.Kb2 a5 35.c3 Rb8 36.Kc2 
Ra8 37.g5 axb4 38.cxb4 Rb8 39.Bd4 Ra8 40.Kb2 Rb8 
41.Rc1 Re8 42.a4 Nd2 43.Rc3 Ne4 44.Re3 Ra8 45.a5 
Rb8 46.Bb6 Bb5 47.Kc2 Ra8 48.Rfxe4 dxe4 49.Rxe4 
Kf7 1/2-1/2

[Event "ACL-A022"]
[Site "www.playchess.de"]
[Date "2001.02.11"]
[Round "10"]
[White "Utesch"]
[Black "trolo"]
[WhiteElo "1500"]
[BlackElo "1500"]
[PlyCount "65"]
[Result "1-0"]

1.d4 d5 2.c4 c6 3.Nc3 Nf6 4.Nf3 e6 5.e3 Bb4 6.Qc2 
O-O 7.Bd3 dxc4 8.Bxc4 b5 9.Bd3 Bb7 10.Bd2 Nbd7 
11.Ne4 Bxd2+ 12.Nfxd2 Nxe4 13.Bxe4 Nf6 14.O-O Rc8 
15.Nb3 a5 16.Bd3 a4 17.Nc5 Qe7 18.b3 a3 19.b4 Rfd8 
20.Rac1 Rd6 21.Rfd1 Rb8 22.Qc3 Ra8 23.e4 Rdd8 
24.Be2 Bc8 25.Qg3 Qa7 26.Rc3 e5 27.Qxe5 Re8 28.Qd6 
Qb6 29.d5 Bb7 30.Bf3 Rad8 31.Nxb7 Qxb7 32.Qxc6 
Qxc6 33.dxc6 1-0

[Event "HCL-A028"]
[Site "www.playchess.de"]
[Date "2001.02.12"]
[Round "23"]
[White "Sd_68"]
[Black "KingGeorge"]
[WhiteElo "1741"]
[BlackElo "1800"]
[PlyCount "53"]
[Result "0-1"]

1.e4 e6 2.d4 d5 3.e5 c5 4.c3 Nc6 5.Nf3 Bd7 6.Bd3 
Rc8 7.Bc2 Nge7 8.O-O Ng6 9.Re1 cxd4 10.cxd4 Nb4 
11.Bxg6 hxg6 12.Nc3 f5 13.exf6 e.p 14.gxf6 a3 
15.Qa5 Bd2 16.Nd3 Ne4 17.Qd8 Ba5 18.Nxb2 Bxd8 
19.Nxd1 Bxf6 20.Rh5 Ng3 21.Nxf2 Nxh5 22.Nh3+ gxh3 
23.gxh5 Re5 24.Rc3 Ng5 25.Bxa3 Nxe6 26.Kf7 Rf1 
27.Bd6 0-1

[Event "HCL-A038"]
[Site "www.playchess.de"]
[Date "2001.02.12"]
[Round "8"]
[White "Lydeking"]
[Black "teenspirit"]
[WhiteElo "1700"]
[BlackElo "1816"]
[PlyCount "49"]
[Result "1/2-1/2"]

1.e4 Nc6 2.Nf3 f5 3.exf5 d5 4.d4 Bxf5 5.Bb5 e6 
6.O-O Bd6 7.Nc3 Nge7 8.Bg5 O-O 9.Nh4 Qe8 10.Be2 
Rd8 11.Bg4 h6 12.Nxf5 exf5 13.Bh5 g6 14.Bxe7 Nxe7 
15.Be2 c6 16.h4 f4 17.Re1 Qf7 18.Bg4 Nf5 19.Qd3 
Qf6 20.Bxf5 Qxf5 21.Qxf5 Rxf5 22.Re6 Kg7 23.Rae1 
Rff8 24.Nb1 Kf7 25.Nd2 1/2-1/2

[Event "HCL-A038"]
[Site "www.playchess.de"]
[Date "2001.02.12"]
[Round "30"]
[White "Lydeking"]
[Black "DKCozy"]
[WhiteElo "1700"]
[BlackElo "1772"]
[PlyCount "44"]
[Result "0-1"]

1.e4 b6 2.d4 Bb7 3.Bd3 e6 4.Nf3 Ne7 5.O-O Ng6 6.h4 
Be7 7.h5 Nh4 8.Nxh4 Bxh4 9.Qg4 Qe7 10.g3 Bf6 11.e5 
Nc6 12.exf6 gxf6 13.c3 O-O-O 14.Be3 Rhg8 15.Qe2 f5 
16.a4 Rg7 17.Ba6 Rdg8 18.a5 Qh4 19.Bxb7+ Kxb7 
20.Bf4 {det ser ud til at jeg skal til at forsvare 
mig}  Qxf4 {ja det kan være nødvendigt. men det 
træk var ikke just det bedste !}  21.Kh2 {nej, 
skulle nok have tænkt 2 sec eller bare 1 sec}  
R7xg3 {Man kan spørge om det ikke var tabt 
alligevel ?}  22.Qg4 {jo men ikke for 3 træk 
siden, havd ejeg bare holdt øje med hvad du lavede 
så tror jeg ikke dit offic}  R3xg4+ {Jo truslen 
med Tg3-fg3 Dg3- og Dh4 mad mat i to ville cvære 
der alligevel !}  0-1

[Event "HCL-A045"]
[Site "www.playchess.de"]
[Date "2001.02.12"]
[Round "3"]
[White "Polo"]
[Black "BOSTER"]
[WhiteElo "1207"]
[BlackElo "1803"]
[PlyCount "50"]
[Result "0-1"]

1.c4 e5 2.Nc3 Nc6 3.e3 Nf6 4.d4 exd4 5.exd4 d5 
6.c5 Be7 7.Nf3 O-O 8.Bd3 Bg4 9.Be3 Bxc5 10.Qd2 Be7 
11.Bc2 Nb4 12.Bb1 Bh5 13.a3 Nc6 14.Bd3 a6 15.h3 
Na5 16.Qc2 Bg6 17.Ne5 Bxd3 18.Nxd3 Nc4 19.O-O c6 
20.Bf4 Nh5 21.Ne2 Nxf4 22.Nexf4 Bd6 23.Rfe1 Qc7 
24.Qc1 Rfe8 25.Ne2 Re7 0-1

[Event "HCL-A046"]
[Site "www.playchess.de"]
[Date "2001.02.12"]
[Round "35"]
[White "SSC"]
[Black "Patmatter"]
[WhiteElo "2187"]
[BlackElo "1900"]
[PlyCount "21"]
[Result "1-0"]

1.e4 c5 2.Nf3 d6 3.d4 cxd4 4.Nxd4 Nf6 5.Nc3 a6 
6.Bc4 b5 7.Bb3 Bb7 8.O-O e6 9.f3 b4 10.Na4 Qc7 
11.Bg5 1-0

[Event "HCL-A049"]
[Site "www.playchess.de"]
[Date "2001.02.12"]
[Round "14"]
[White "Gorodish"]
[Black "Guzfig"]
[WhiteElo "1675"]
[BlackElo "1700"]
[PlyCount "23"]
[Result "1-0"]

1.d4 Nf6 2.c4 e6 3.Nf3 Bb4+ 4.Bd2 Qe7 5.g3 O-O 
6.Bg2 Bxd2+ 7.Qxd2 d6 8.Nc3 e5 9.O-O Re8 10.e4 c5 
11.dxc5 dxc5 12.Rad1 1-0

[Event "HCL-B058"]
[Site "www.playchess.de"]
[Date "2001.02.12"]
[Round "7"]
[White "Pelikan"]
[Black "mrchess"]
[WhiteElo "1221"]
[BlackElo "1588"]
[PlyCount "83"]
[Result "1-0"]

1.e4 d6 2.d4 Nd7 3.Nf3 Ngf6 4.Bd3 e5 5.O-O c6 6.c4 
Be7 7.Nc3 Qc7 8.Bd2 Nf8 9.Rc1 Bg4 10.d5 Ng6 11.h3 
Bd7 12.b4 a6 13.Be3 O-O 14.c5 Rfb8 15.a3 Nf4 
16.Bb1 Qc8 17.Na4 Qd8 18.Nb6 N6h5 19.Re1 a5 
20.Nxa8 Rxa8 21.Qd2 axb4 22.axb4 Qc8 23.cxd6 Bf6 
24.dxc6 bxc6 25.b5 Nxh3+ 26.gxh3 Bxh3 27.Nh2 Bd7 
28.bxc6 Bxc6 29.Qc2 Bd7 30.Qe2 Qa6 31.Qxh5 Qxd6 
32.Ng4 Be7 33.Nxe5 Be8 34.Red1 Qf6 35.Bd4 Qe6 
36.Qg4 Qxg4+ 37.Nxg4 h5 38.Ne3 g5 39.Nd5 Bd8 
40.Bf6 Bxf6 41.Nxf6+ Kg7 42.Nxh5+ 1-0

[Event "HCL-B065"]
[Site "www.playchess.de"]
[Date "2001.02.12"]
[Round "22"]
[White "chessape"]
[Black "Jeff_Foster"]
[WhiteElo "1329"]
[BlackElo "1472"]
[PlyCount "56"]
[Result "0-1"]

1.e4 e5 2.Nf3 Nc6 3.Bc4 Nf6 4.Ng5 d5 5.exd5 Nxd5 
6.d4 Be7 7.Nxf7 Kxf7 8.Qf3+ Ke6 9.Nc3 Bb4 10.Bxd5+ 
Kd6 11.Bxc6 Bxc3+ 12.Qxc3 bxc6 13.dxe5+ Kd7 
14.Qd4+ Ke6 15.Qxd8 Rxd8 16.Bf4 Rb8 17.b3 Rb4 
18.c4 Rd4 19.Bg3 Re4+ 20.Kd2 Kf5 21.Kd3 c5 22.f3 
Rd4+ 23.Kc3 Be6 24.Rhd1 Rxd1 25.Rxd1 h5 26.h4 g5 
27.hxg5 Kxg5 28.Rd8 Rb6 0-1

[Event "HCL-B115"]
[Site "www.playchess.de"]
[Date "2001.02.12"]
[Round "10"]
[White "Czentovic"]
[Black "Shanice"]
[WhiteElo "1200"]
[BlackElo "1500"]
[PlyCount "58"]
[Result "0-1"]

1.d4 Nf6 2.Bg5 Ne4 3.Bf4 c5 4.f3 Qa5+ 5.c3 Nf6 
6.d5 Qb6 7.b3 e6 8.c4 exd5 9.cxd5 Qb4+ 10.Bd2 Qh4+ 
11.g3 Qd4 12.Nc3 Nxd5 13.e3 Nxc3 14.exd4 Nxd1 
15.Rc1 Nb2 16.dxc5 d6 17.cxd6 Bf5 18.Rc3 Kd7 
19.Bf4 Bxd6 20.Bxd6 Re8+ 21.Kd2 Kxd6 22.g4 Bg6 
23.Nh3 Nc6 24.Kc1 Na4 25.bxa4 Re1+ 26.Kb2 Rb1+ 
27.Ka3 Nd4 28.Bg2 Nc2+ 29.Rxc2 
Bxc2 0-1

[Event "HCL-B118"]
[Site "www.playchess.de"]
[Date "2001.02.12"]
[Round "11"]
[White "sarek"]
[Black "rdr220"]
[WhiteElo "916"]
[BlackElo "1500"]
[PlyCount "50"]
[Result "0-1"]

1.e4 e5 2.Nf3 Nc6 3.Bc4 Nf6 4.Ng5 d5 5.exd5 Na5 
6.Bb5+ Bd7 7.Qe2 Bd6 8.Bxd7+ Qxd7 9.d4 O-O 10.dxe5 
Bxe5 11.Qxe5 Rfe8 12.Ne6 fxe6 13.d6 Nc6 14.Qb5 
cxd6 15.Bg5 Rac8 16.Nc3 Nd5 17.O-O-O Nxc3 18.bxc3 
Ref8 19.Be3 Rf5 20.Qd3 Rd5 21.Qe2 Ra5 22.Qc4 Ne5 
23.Qb4 Nc4 24.Qb3 Rb5 25.Qa4 Rb1+ 0-1

[Event "HCL-B119"]
[Site "www.playchess.de"]
[Date "2001.02.12"]
[Round "8"]
[White "Taher"]
[Black "deepcover"]
[WhiteElo "1551"]
[BlackElo "1200"]
[PlyCount "55"]
[Result "0-1"]

1.d4 d5 2.e3 Nf6 3.Bd3 c5 4.Ne2 c4 5.Bxc4 dxc4 
6.c3 Nc6 7.Nd2 Bf5 8.Nf4 e5 9.dxe5 Nxe5 10.O-O Ne4 
11.Qa4+ Qd7 12.Qxd7+ Kxd7 13.Nxe4 Bxe4 14.Rd1+ Bd6 
15.f3 Bc2 16.Rd4 Kc6 17.b4 cxb3 18.e.p axb3 
19.Bxb3 Ba3 20.Nc4 Bxd6 21.Nxd6 Rb1 22.Ba2 Rbd1 
23.Nb5 R4d2 24.Bc4 Ne2 25.Bxe2 Re1 26.Bc4 Rb1 
27.Rhd8 Rd4 28.Nxd4 0-1

[Event "HCL-B119"]
[Site "www.playchess.de"]
[Date "2001.02.12"]
[Round "18"]
[White "jackdyn"]
[Black "plobi"]
[WhiteElo "1200"]
[BlackElo "1500"]
[PlyCount "52"]
[Result "1-0"]

1.e4 Nf6 2.e5 Nd5 3.d4 e6 4.Nf3 Be7 5.Be2 O-O 
6.O-O Nc6 7.c4 Ndb4 8.a3 Na6 9.b4 Naxb4 10.axb4 
Nxb4 11.Ba3 b6 12.Qd2 a5 13.Nc3 Bb7 14.d5 exd5 
15.cxd5 h6 16.Bc4 Nxd5 17.Bxd5 c6 18.Bxe7 Qxe7 
19.Ba2 b5 20.Ba2 Rfd8 21.Rfd1 Qxd6 22.Qd6 b4 
23.Rxd6 Ba6 24.Na4 Rab8 25.Nb6 Rb5 26.Nxd7 
Nf6+ 1-0

[Event "HCL-B122"]
[Site "www.playchess.de"]
[Date "2001.02.12"]
[Round "16"]
[White "Datum"]
[Black "sarek"]
[WhiteElo "1200"]
[BlackElo "916"]
[PlyCount "40"]
[Result "0-1"]

1.d4 e6 2.c4 Nf6 3.Bg5 h6 4.Bxf6 Qxf6 5.Nf3 c5 
6.e3 cxd4 7.Nxd4 Nc6 8.Qc2 Bc5 9.Nb5 Bb6 10.Nd6+ 
Ke7 11.c5 Ba5+ 12.Nc3 b6 13.Qb3 bxc5 14.Nde4 Qe5 
15.Qc4 Bxc3+ 16.Nxc3 a5 17.Be2 Ba6 18.Qg4 Qg5 
19.f3 Qxe3 20.Nd1 Qxe2+ 0-1

[Event "HCL-B122"]
[Site "www.playchess.de"]
[Date "2001.02.12"]
[Round "17"]
[White "nadavies_uk"]
[Black "Datum"]
[WhiteElo "1396"]
[BlackElo "1200"]
[PlyCount "35"]
[Result "0-1"]

1.e4 Nf6 2.e5 Nd5 3.c4 Nb6 4.d4 d6 5.c5 Nd5 6.Bb5+ 
c6 7.Bc4 h6 8.Qa4 b5 9.cxb6 e.p 10.Nxb6 Qb3 11.d5 
Be2 12.e6 Nf3 13.Be7 O-O 14.O-O Bd2 15.N8d7 Nc3 
16.c5 Nb5 17.f6 Ba5 18.c4 0-1

[Event "HCL-B123"]
[Site "www.playchess.de"]
[Date "2001.02.12"]
[Round "4"]
[White "JayKay"]
[Black "pird"]
[WhiteElo "1735"]
[BlackElo "1486"]
[PlyCount "57"]
[Result "1-0"]

1.d4 f5 2.g3 Nf6 3.Bg2 g6 4.Nc3 Bg7 5.Bf4 O-O 
6.Nf3 d6 7.O-O Nbd7 8.Qd2 Ne8 9.Bh6 e5 10.dxe5 
dxe5 11.Bxg7 Kxg7 12.Nxe5 Nef6 13.Rad1 Qe7 14.Nxd7 
Bxd7 15.Bxb7 Rab8 16.Nd5 Nxd5 17.Bxd5 Qe5 18.Bf3 
Rfd8 19.b3 Bc6 20.Qxd8 Rxd8 21.Rxd8 Bxf3 22.exf3 
Qc3 23.Rc1 Qb2 24.Rdd1 Qxa2 25.Rd7+ Kf6 26.Rxc7 a5 
27.Rd1 a4 28.f4 Ke6 29.Rcd7 1-0

[Event "HCL-B133"]
[Site "www.playchess.de"]
[Date "2001.02.12"]
[Round "2"]
[White "Joachim"]
[Black "Bauernopfer"]
[WhiteElo "1500"]
[BlackElo "1342"]
[PlyCount "55"]
[Result "1/2-1/2"]

1.e4 e5 2.Nf3 Nc6 3.Bb5 Nge7 4.d4 Nxd4 5.Nxd4 exd4 
6.Qxd4 c6 7.Bc4 d5 8.exd5 cxd5 9.Bb3 Be6 10.O-O 
Nf5 11.Qa4+ Bd7 12.Re1+ Be7 13.Qf4 Be6 14.Nc3 O-O 
15.Nxd5 Bxd5 16.Qxf5 Bxb3 17.axb3 g6 18.Qe4 Re8 
19.Qxb7 Bf6 20.Rxe8+ Qxe8 21.Be3 Bxb2 22.Rxa7 Rxa7 
23.Qxa7 Qd8 24.g3 Qd1+ {Es sieht jetzt irgendwie 
nach Dauerschach aus.}  25.Kg2 {...was beim 
Damenendspiel leicht vorkommt - aber laß uns noch 
einige Züge weiterspielen.}  Qxc2 {.}  26.Bh6 Qe4+ 
27.f3 Qc2+ 28.Qf2 1/2-1/2

[Event "HCL-B135"]
[Site "www.playchess.de"]
[Date "2001.02.12"]
[Round "5"]
[White "liero"]
[Black "jonte2"]
[WhiteElo "1200"]
[BlackElo "1581"]
[PlyCount "34"]
[Result "0-1"]

1.d4 Nf6 2.c4 g6 3.e3 Bg7 4.c5 O-O 5.Nf3 d6 6.cxd6 
cxd6 7.Bd2 Nc6 8.g3 Qb6 9.b3 Bf5 10.Bg2 Ne4 11.O-O 
e5 12.dxe5 Qc5 13.a3 dxe5 14.b4 Qc4 15.Qc1 Qxc1 
16.Rxc1 Rfd8 17.Rd1 Rac8 0-1

[Event "HCL-B139"]
[Site "www.playchess.de"]
[Date "2001.02.12"]
[Round "2"]
[White "samar"]
[Black "Gruhni"]
[WhiteElo "1200"]
[BlackElo "1349"]
[PlyCount "83"]
[Result "1/2-1/2"]

1.Nc3 e5 2.Nf3 Nc6 3.d4 exd4 4.Nxd4 Nxd4 5.Qxd4 d6 
6.e4 Nf6 7.Bg5 Be7 8.Bc4 Be6 9.Bxe6 fxe6 10.O-O-O 
e5 11.Qc4 Qd7 12.Bxf6 Bxf6 13.Nb5 Bd8 14.Rd3 a6 
15.Nc3 Qf7 16.Qxf7+ Kxf7 17.Nd5 c6 18.Ne3 Ke6 
19.Rhd1 Bc7 20.Nf5 g6 21.Nxd6 Raf8 22.f3 Rfb8 
23.c4 Rhd8 24.c5 b5 25.b6 Bxd6 26.Rb3 Bc5 27.Rxd8 
Rxd8 28.b7 Rb8 29.Kc2 Kd7 30.Kd3 Kc7 31.Kc4 Bd4 
32.f4 Rxb7 33.Rxb7+ Kxb7 34.b3 Kb6 35.g4 c5 36.f5 
gxf5 37.gxf5 Kc6 38.a4 a5 39.h3 h6 40.Kd3 Kd6 
41.Kc4 Kc6 42.Kd3 {actually is draw!} 
 1/2-1/2

[Event "HCL-B139"]
[Site "www.playchess.de"]
[Date "2001.02.12"]
[Round "11"]
[White "Gruhni"]
[Black "PDelaquess"]
[WhiteElo "1349"]
[BlackElo "1410"]
[PlyCount "39"]
[Result "1-0"]

1.e4 e5 2.Nf3 Nc6 3.Bc4 Bc5 4.d3 Nf6 5.Bg5 O-O 
6.Nc3 d6 7.Nd5 Bg4 8.Nxf6+ gxf6 9.Bh6 Re8 10.h3 
Bxf3 11.Qxf3 Kh8 12.Bxf7 Nd4 13.Qg4 Rg8 14.Bxg8 
Qxg8 15.O-O-O Qxg4 16.hxg4 Rg8 17.f3 Ne2+ 18.Kd2 
Nf4 19.Bxf4 exf4 20.Rh3 1-0

[Event "HCL-B143"]
[Site "www.playchess.de"]
[Date "2001.02.12"]
[Round "4"]
[White "fighter"]
[Black "Bauernopfer"]
[WhiteElo "1200"]
[BlackElo "1317"]
[PlyCount "104"]
[Result "0-1"]

1.e4 e5 2.Nf3 Nc6 3.Nc3 Bb4 4.a3 Bxc3 5.bxc3 d6 
6.d4 exd4 7.cxd4 Nf6 8.Bg5 h6 9.d5 Ne5 10.Bxf6 
Qxf6 11.Nxe5 Qxe5 12.Bd3 O-O 13.O-O Qg5 14.f4 Qf6 
15.Rb1 b6 16.c4 Ba6 17.a4 Qd4+ 18.Kh1 Bxc4 19.Bc2 
Qxd1 20.Rfxd1 a5 21.Bb3 Bxb3 22.Rxb3 Rfe8 23.Rd4 
Re7 24.h4 Rae8 {My compassion on the earthquake 
tragedy in India. Best wishes from Germany.}  
25.Re3 f5 26.e5 dxe5 {.}  27.d6 cxd6 28.Rxd6 exf4 
29.Rf3 R7e4 30.Rxb6 Rxa4 31.Rb5 Rf8 32.Rc5 g5 
33.hxg5 hxg5 34.Kh2 Ra2 35.Kg1 a4 36.g3 fxg3 
37.Rxg3 g4 38.Ra5 Kh7 39.Ra6 Rb8 40.Rg2 Rxg2+ 
41.Kxg2 {Draw !}  Rb2+ {I have three pawns more 
than you! Let us continue some moves.}  42.Kg3 
Rb3+ {.}  43.Kf4 a3 44.Ra7+ Kg6 45.Ra6+ Kf7 
46.Ra7+ Ke6 47.Ra8 Rf3+ 48.Kg5 g3 49.Re8+ Kf7 
50.Re1 g2 51.Rg1 a2 52.Kh4 Rf1 0-1

[Event "HCL-C056"]
[Site "www.playchess.de"]
[Date "2001.02.12"]
[Round "8"]
[White "German04"]
[Black "that1guy"]
[WhiteElo "1172"]
[BlackElo "1000"]
[PlyCount "73"]
[Result "1-0"]

1.e4 d5 2.e5 e6 3.d4 Bb4+ 4.Nc3 Ne7 5.Qd3 O-O 
6.Qg3 Nf5 7.Qg4 Nc6 8.Nf3 g6 9.h4 h5 10.Qg5 Qe8 
11.g4 hxg4 12.Qxg4 Qe7 13.h5 f6 14.Qxg6+ Ng7 15.h6 
Qf7 16.Qxf7+ Rxf7 17.hxg7 Rxg7 18.exf6 Rf7 19.Rg1+ 
Kf8 20.Bh6+ Ke8 21.Bh3 Rxf6 22.Rg8+ Kd7 23.Rg7+ 
Be7 24.Ne5+ Nxe5 25.Bg5 Nf7 26.Bxf6 Bxf6 27.Rxf7+ 
Be7 28.Nxd5 Kd6 29.Nxe7 Bd7 30.O-O-O c6 31.c4 Rh8 
32.c5+ Kc7 33.Bg4 b6 34.d5 cxd5 35.cxb6+ Kxb6 
36.Nxd5+ Kc5 37.Rxd7 1-0

[Event "HCL-C058"]
[Site "www.playchess.de"]
[Date "2001.02.12"]
[Round "16"]
[White "Eye_of_the_Tiger"]
[Black "Jeff_Foster"]
[WhiteElo "1000"]
[BlackElo "1481"]
[PlyCount "64"]
[Result "0-1"]

1.e4 e5 2.Qh5 Nc6 3.Bc4 Qe7 4.Nf3 Nf6 5.Qf5 d5 
6.Qg5 dxc4 7.d3 cxd3 8.cxd3 Bg4 9.Nbd2 h6 10.Qe3 
O-O-O 11.O-O Qc5 12.Qxc5 Bxc5 13.h3 Bh5 14.Ne1 Nd4 
15.Kh1 g5 16.Nef3 Nxf3 17.gxf3 Rxd3 18.Kg2 Nd7 
19.b3 Rd8 20.a3 f6 21.b4 Bd4 22.Ra2 Nb6 23.a4 Bf7 
24.Rc2 Nxa4 25.Nc4 Bxc4 26.Rxc4 b5 27.Rc2 Rd6 
28.Rd2 Bb6 29.Rxd3 Rxd3 30.Kg3 Bd4 31.h4 Nc3 
32.Re1 gxh4+ 0-1

[Event "HCL-C092"]
[Site "www.playchess.de"]
[Date "2001.02.12"]
[Round "18"]
[White "kosugi"]
[Black "Jernau"]
[WhiteElo "1000"]
[BlackElo "1000"]
[PlyCount "26"]
[Result "0-1"]

1.e4 e6 2.d4 d5 3.Nc3 Nc6 4.Nf3 Bb4 5.exd5 exd5 
6.Bd2 Bg4 7.a3 Bd6 8.Nxd5 Nf6 9.h3 Be6 10.Nxf6+ 
gxf6 11.Bc3 Bf4 12.Bb5 Qd5 13.Qe2 
a6 0-1

[Event "HCL-C105"]
[Site "www.playchess.de"]
[Date "2001.02.12"]
[Round "7"]
[White "Optimo"]
[Black "locko"]
[WhiteElo "1200"]
[BlackElo "1000"]
[PlyCount "53"]
[Result "1-0"]

1.e4 e5 2.Nf3 d6 3.d4 Nc6 4.Bb5 a6 5.Bxc6+ bxc6 
6.dxe5 f6 7.exf6 gxf6 8.Nd4 Ne7 9.Qh5+ Ng6 10.Nxc6 
Qd7 11.Nd4 Bb7 12.Nc3 O-O-O 13.Nde2 Re8 14.Qd5 
Bxd5 15.Nxd5 Qe6 16.f3 c6 17.Nd4 Qe5 18.Nxc6 Qh5 
19.Nxf6 Qc5 20.Nxe8 Qxc6 21.Nf6 Rg8 22.Nxg8 Nh4 
23.Bg5 Nxg2+ 24.Kf2 Qxc2+ 25.Kg3 d5 26.Rac1 Bd6+ 
27.Kh3 1-0

[Event "HCL-C112"]
[Site "www.playchess.de"]
[Date "2001.02.12"]
[Round "9"]
[White "Pietros"]
[Black "Stefan"]
[WhiteElo "1377"]
[BlackElo "1467"]
[PlyCount "78"]
[Result "0-1"]

1.e4 d6 2.d4 g6 3.Nf3 Bg7 4.Ng5 Nf6 5.Bc4 O-O 
6.Nc3 Nbd7 7.Be3 e5 8.dxe5 Nxe5 9.Bd3 Nxd3+ 
10.Qxd3 Bd7 11.O-O a6 12.Rad1 Ng4 13.Nf3 Nxe3 
14.Qxe3 Re8 15.Nd5 Bb5 16.Rfe1 Bxb2 17.Rdb1 Bg7 
18.Qf4 Rb8 19.Rbd1 c6 20.Nc3 Bxc3 21.Re3 Bg7 22.e5 
c5 23.Rxd6 Qc7 24.Rd5 b6 25.c4 Bc6 26.Rd1 Bxf3 
27.Qxf3 Bxe5 28.g3 Bd4 29.Ra3 a5 30.Rad3 Re6 
31.Kf1 Rf6 32.Qe2 Rxf2+ 33.Qxf2 Bxf2 34.Kxf2 Qe7 
35.a4 Qe6 36.Kg2 Qxc4 37.Kh3 Qxa4 38.Re1 c4 39.Rd4 
Qc6 0-1

[Event "HCL-C136"]
[Site "www.playchess.de"]
[Date "2001.02.12"]
[Round "4"]
[White "Flay"]
[Black "Hanbei"]
[WhiteElo "1400"]
[BlackElo "988"]
[PlyCount "74"]
[Result "0-1"]

1.e4 e5 2.Nf3 Nc6 3.d4 exd4 4.Nxd4 Nxd4 5.Qxd4 c5 
6.Qc3 Nf6 7.Bg5 Be7 8.Nd2 d6 9.Bb5+ Bd7 10.Bxd7+ 
Qxd7 11.O-O Qg4 12.Qe3 O-O 13.f3 Qe6 14.b3 h6 
15.Bf4 b6 16.Rad1 Rad8 17.e5 Nd5 18.Qe4 Nc3 19.Qc4 
{Your move 17...Nd5 was a god one}  Qxc4 20.bxc4 
Nxd1 21.Rxd1 Bg5 {Graciano collegas!}  22.g3 dxe5 
{It gets better every turn...}  23.Bxg5 hxg5 
24.Kf2 f5 25.Ke2 Rf6 26.Ne4 Rxd1 27.Nxf6+ gxf6 
28.Kxd1 Kf7 29.Kd2 Ke6 30.h4 gxh4 31.gxh4 f4 32.h5 
f5 33.Kc3 e4 34.fxe4 fxe4 35.Kd2 Kf6 36.h6 Kg6 
37.a4 Kxh6 0-1

[Event "HCL-C145"]
[Site "www.playchess.de"]
[Date "2001.02.12"]
[Round "2"]
[White "dg"]
[Black "Chopz8va"]
[WhiteElo "1223"]
[BlackElo "1181"]
[PlyCount "89"]
[Result "1-0"]

1.e4 c5 2.Nf3 e6 3.Bc4 d5 4.exd5 exd5 5.Bb5+ Nc6 
6.Qe2+ Be7 7.Bxc6+ bxc6 8.d3 Nf6 9.b3 O-O 10.h3 
Re8 11.O-O Bd6 12.Qd2 Qd7 13.Bb2 d4 14.c3 Qf5 
15.cxd4 Bf4 16.Qa5 cxd4 17.Qxf5 Bxf5 18.Nxd4 Bxd3 
{it's good to be back, isn't it?}  19.Rd1 Bxb1 
20.Raxb1 c5 21.Nf3 h6 22.Bxf6 gxf6 23.Rd5 Rac8 
24.g3 Be5 25.Re1 Bd4 26.Rxe8+ Rxe8 27.Nxd4 cxd4 
28.Rxd4 Re7 29.f4 Kg7 30.Rd2 Re3 31.Kf2 Re7 32.a4 
Kg6 33.Kf3 Rb7 34.Rd3 a6 35.h4 Rb6 36.g4 h5 37.f5+ 
Kh6 38.Rc3 Rd6 39.b4 Rd4 40.Rb3 hxg4+ 41.Kg3 Rc4 
42.b5 Rxa4 43.b6 Rd4 44.b7 Rd8 45.b8Q {%} 
 1-0

[Event "HCL-E008"]
[Site "www.playchess.de"]
[Date "2001.02.12"]
[Round "12"]
[White "FD515"]
[Black "Vanon"]
[WhiteElo "1669"]
[BlackElo "2000"]
[PlyCount "80"]
[Result "0-1"]

1.e4 e6 2.Nf3 d5 3.e5 c5 4.b3 Nc6 5.Bb2 Nge7 6.Bd3 
Ng6 7.O-O Qc7 8.Re1 a6 9.a3 Be7 10.c4 d4 11.Bxg6 
hxg6 12.Qe2 b6 13.d3 g5 14.Qe4 Bb7 15.Qg4 O-O-O 
16.Nbd2 Kb8 17.h3 Bc8 18.b4 f5 19.Qg3 Rh5 20.b5 
axb5 21.cxb5 Na5 22.Kf1 Rdh8 23.Rac1 Qd7 24.a4 Bb7 
25.Rc2 Bd5 26.Rb1 Qb7 27.Re1 Nb3 28.Nc4 Bxf3 
29.Qxf3 Qxf3 30.gxf3 Kc7 31.Ba3 R5xh3 32.Ke2 Ra8 
33.Rb1 Na5 34.Nxa5 Rxa5 35.Ra1 Kb7 36.Bc1 Rh1 
37.Rca2 Rg1 38.f4 g4 39.Bd2 Rxa1 40.Rxa1 
Ra8 0-1

[Event "HCL-E010"]
[Site "www.playchess.de"]
[Date "2001.02.12"]
[Round "32"]
[White "MarkusSSG"]
[Black "goodatchess"]
[WhiteElo "2344"]
[BlackElo "2000"]
[PlyCount "43"]
[Result "1-0"]

1.d4 d5 2.Bf4 c5 3.e3 Nc6 4.c3 Nf6 5.Nd2 c4 6.Qc2 
g6 7.e4 e6 8.Be2 Bg7 9.e5 Nd7 10.Ngf3 b5 11.Bg5 
Qb6 12.O-O a5 13.Kh1 b4 14.Be3 Ba6 15.Ng5 Ne7 
16.f4 h6 17.Nh3 Nf5 18.Bg1 Rb8 19.Rab1 Qc7 20.cxb4 
axb4 21.b3 Qa7 22.bxc4 1-0

[Event "HCL-E018"]
[Site "www.playchess.de"]
[Date "2001.02.12"]
[Round "13"]
[White "Merscheid"]
[Black "FD515"]
[WhiteElo "2289"]
[BlackElo "1978"]
[PlyCount "52"]
[Result "1/2-1/2"]

1.e4 e5 2.Nf3 Nc6 3.Nc3 Nf6 4.d4 exd4 5.Nd5 Be7 
6.Nxd4 Nxd5 7.exd5 Nxd4 8.Qxd4 O-O 9.Be2 Bf6 
10.Qd1 d6 11.O-O Bf5 12.Bd3 Qd7 13.c3 Rfe8 14.a4 
Be4 15.Bxe4 Rxe4 16.Qb3 c5 17.c6 bxc6 18.Be3 Rae8 
19.Rad1 d5 20.Qc2 Be5 21.Rd3 h5 22.Qd1 g6 23.b3 
Bb8 24.Qf3 Rh4 25.g3 Qh3 26.Qg2 Qxg2+ {I Think 
it`s only a remis}  1/2-1/2

[Event "ACL-A037"]
[Site "www.playchess.de"]
[Date "2001.02.12"]
[Round "26"]
[White "Gearloose"]
[Black "antaios"]
[WhiteElo "1885"]
[BlackElo "1500"]
[PlyCount "83"]
[Result "1-0"]

1.e4 e5 2.Nf3 Qf6 3.Nc3 Bc5 4.Nd5 Qd6 5.Bc4 c6 
6.Nc3 b5 7.Bb3 Nf6 8.d3 O-O 9.O-O Qe7 10.Bg5 d6 
11.h3 Be6 12.Bxe6 fxe6 13.Ne2 Nbd7 14.c3 h6 15.Bh4 
g5 16.Bg3 Rf7 17.Qc2 Nh5 18.d4 Bb6 19.dxe5 Rxf3 
20.gxf3 Rf8 21.Kg2 Qf7 22.Ng1 Bd8 23.Rad1 Nxe5 
24.Bxe5 dxe5 25.Qd2 Nf4+ 26.Kh2 Bc7 27.Qd7 Qxd7 
28.Rxd7 Rc8 29.h4 gxh4 30.Nh3 Bb6 31.Nxf4 exf4 
32.Rg1+ Kh8 33.Rg2 e5 34.Kh3 Rd8 35.Rxd8+ Bxd8 
36.Rg6 c5 37.Rxh6+ Kg7 38.Rd6 Bb6 39.Kxh4 Kf7 
40.Kg5 c4 41.Rxb6 axb6 42.Kf5 1-0

[Event "ACL-A044"]
[Site "www.playchess.de"]
[Date "2001.02.12"]
[Round "8"]
[White "Ochiroo"]
[Black "traga"]
[WhiteElo "1500"]
[BlackElo "1500"]
[PlyCount "42"]
[Result "0-1"]

1.e4 e5 2.Nf3 Nf6 3.d4 Nxe4 4.Bd3 d5 5.Nxe5 Nd7 
6.Bf4 Qf6 7.Qf3 Nxe5 8.dxe5 Qb6 9.Nc3 Qxb2 10.Nxd5 
Qxa1+ 11.Ke2 Nc3+ 12.Nxc3 Qxh1 13.Nd5 Bb4 14.Nxb4 
c6 15.Nxc6 h5 16.Qd5 Bg4+ 17.Kd2 Qd1+ 18.Ke3 Qe1+ 
19.Kd4 Qxf2+ 20.Kc3 Rc8 21.Bg5 
Be6 0-1